Применение цеолитов в катализе: тезисы докладов Четвертой Всесоюзной конференции., Москва, 28-30 ноября 1989 г.

Detaylı Bibliyografya
Kurumsal yazarlar: Академия наук СССР (АН СССР), Применение цеолитов в катализе
Diğer Yazarlar: Клячко А. Л. (редактор)
Dil:Rusça
Baskı/Yayın Bilgisi: Москва, Наука, 1989
Konular:
Materyal Türü: Kitap
KOHA link:https://koha.lib.tpu.ru/cgi-bin/koha/opac-detail.pl?biblionumber=375225

MARC

LEADER 00000nam0a2200000 4500
001 375225
005 20231101051505.0
020 |a RU  |b 89-76171 
035 |a (RuTPU)RU\TPU\retro\32664 
035 |a RU\TPU\book\226648 
090 |a 375225 
100 |a 20221220d1989 k a0rusy5003 ca 
101 0 |a rus 
102 |a RU 
105 |a a z 101zy 
200 1 |a Применение цеолитов в катализе  |e тезисы докладов Четвертой Всесоюзной конференции., Москва, 28-30 ноября 1989 г.  |f АН СССР; под ред. А. Л. Клячко 
210 |a Москва  |c Наука  |d 1989 
215 |a 256 с.  |c ил.  |d 21 см 
320 |a Библиогр. в конце докладов. 
320 |a Авт. указ.: с. 245-248. 
610 1 |a цеолиты 
610 1 |a цеолитсодержащие катализаторы 
610 1 |a конференции 
610 1 |a процессы 
610 1 |a практическое использование 
610 1 |a нефтепереработка 
610 1 |a нефтехимия 
610 1 |a органический синтез 
675 |a 661.18(063)  |z rus  |v 3 
675 |a 66.097(063)  |z rus  |v 3 
702 1 |a Клячко  |b А. Л.  |4 340 
712 0 2 |a Академия наук СССР (АН СССР)  |2 stltpush  |3 (RuTPU)RU\TPU\col\722 
712 1 2 |a Применение цеолитов в катализе  |c конференция  |d 4  |e Москва 
801 0 |a RU  |b RuMRKP  |c 19950417  |g psbo 
801 1 |a RU  |b 63413507  |c 20120127 
801 2 |a RU  |b 63413507  |c 20221220  |g RCR 
942 |c BK